00451cam a22001217a 4500008004000000082001400040245009400054260005700148300001000205500004000215650002600255700004800281180718b1961 xxu||||| |||| 00| 0 eng d aR83 N213p aPreparing for collective bargaining - IIcby National Industrial Conference Board, U.S.A. aNew YorkbNational Industrial Conference Boardc1961 a125p. aStudies in Personnel Policy; no.182 aCollective Bargaining aU.S.A. National Industrial Conference Board